00959nam a2200265 i 450000100060000000300090000600500170001500700030003200800410003501700170007602000180009308000270011124501320013825000120027026000330028230000390031549000310035465000360038570000270042170000340044883000390048285200330052199900170055495201220057182078ES-MaACL20230906174602.0t|041122s1997 sp ||||1| spa d aM 10312-1997 a84-7960-201-5 a82(4-17)-32"19"(082.2)00aHijas del frío b: relatos de escritoras nórdicas / cedición de Eva Liévana ... [et al.] ; prólogo de Lourdes Ortiz. a1ª ed. aMadrid : bLa Torre, c1997. a278 p., XI p. de lám. ; c24 cm.1 aBiblioteca nórdica ; v514aNovelas europeas-yS.XX.9156381 aLiébana, Eva.9722230 aOrtiz, Lourdes,d1943-9875650 aBiblioteca nórdica ; v59183724 aES-MaACLjE-10460 bR.134578 c82078d82078 00104070aATENEOMbATENEOMcDEPO2d2008-01-17eSCl0oE-10460p1085786r2023-02-23 00:00:00w2023-02-23yMONOGRAFIA